00933nam a22002177a 4500999001700000003000900017008004100026040007100067082002100138100003300159245017700192260003100369300002800400505007900428650002600507650001500533650002400548942001600572945002000588952010700608 c13429d13429AR-CdUCM190415b ||||| |||| 00| 0 spa d aMUNICIPALIDAD PROVINCIAL DEL CUSCOcBIBLIOTECA MUNICIPAL DEL CUSCO aC / 348.4 /bM77 aMontoya Fernández, Serapio aJurisprudencia agraria, conforme a la sistemática del Código de procedimientos civiles y texto único concordado del Decreto Ley 17716 y ampliatorias de 1969 a 1975 /  aCusco :bGarcilaso,c1976. a628 páginas ;c21 cm. aContenido: t.2. Compendio de ejecutorias agrarias y disposiciones conexas. aDerecho agrario94838 aPerú935 aJurisprudencia9927 2ddccLIBROS aacvd2019-04-15 002ddc4070aSCAbSCAcCARTd2019-04-15g50.00oC / 348.4 / M77 / t.2pSCA0002771r2019-04-15yLIBROS